000
00277nam a22001217a 4500
008
170607b xxu||||| |||| 00| 0 eng d
041
_a
eng
080
_2
7 ED
_a
327
100
_a
18
101
_a
SHH
245
_a
THE STRUGGLE DEMOCRACY
_c
GREENBERG.E.S
942
_2
udc
_c
BK
999
_c
16261
_d
16261